Using pivot tables in spreadsheets for business modeling in Informatics education
Spracovanie extenzívnych databázových tabuliek. Pivotné tabuľky, spracovanie. Tvorba pivotných tabuliek. Jednoduchá pivotná tabuľka. Zhromažďovanie údajov. Kalkulácie pivotných tabuliek. Úprava pivotných tabuliek. Význam pivotných tabuliek a grafov. Sú časťou vyučovania informatiky (tabuľkové proces...
Salvato in:
| Autore principale: | |
|---|---|
| Natura: | Capitolo di libro |
| Lingua: | inglese |
| Soggetti: | |
| Tags: |
Nessun Tag, puoi essere il primo ad aggiungerne!!
|
MARC
| LEADER | 00000nla$a2200000$$$4500 | ||
|---|---|---|---|
| 001 | 0112011 | ||
| 005 | 20240502072237.1 | ||
| 041 | 0 | |a eng | |
| 044 | |a SK | ||
| 245 | 1 | 0 | |a Using pivot tables in spreadsheets for business modeling in Informatics education |c Agneša Gašperanová |
| 520 | |a Spracovanie extenzívnych databázových tabuliek. Pivotné tabuľky, spracovanie. Tvorba pivotných tabuliek. Jednoduchá pivotná tabuľka. Zhromažďovanie údajov. Kalkulácie pivotných tabuliek. Úprava pivotných tabuliek. Význam pivotných tabuliek a grafov. Sú časťou vyučovania informatiky (tabuľkové procesory) na každej fakulte ekonomiky. | ||
| 610 | 2 | 0 | |a procesory tabuľkové |
| 610 | 2 | 0 | |a dáta |
| 610 | 2 | 0 | |a spracovanie dát |
| 610 | 2 | 0 | |a grafy |
| 610 | 2 | 0 | |a vzdelávanie |
| 610 | 2 | 0 | |a informatika |
| 100 | 1 | |a Gašperanová, Agneša | |